Арно Сергей Игоревич. Писатель, публицист, общественный деятель, путешественник, дайвер (Запись № 11944389)
[ простой вид ]
| 000 -МАРКЕР | |
|---|---|
| контрольное поле | 01035nam0a2200241 4500 |
| 001 - ИДЕНТИФИКАТОР ЗАПИСИ | |
| контрольное поле | RU\NLR\BIBL_A\011817002 |
| 005 - ИДЕНТИФИКАТОР ВЕРСИИ | |
| контрольное поле | 20260503061814.0 |
| 035 ## - ДРУГИЕ СИСТЕМНЫЕ НОМЕРА | |
| Идентификатор записи | (NLR Aleph) 011817002 |
| 100 ## - ДАННЫЕ ОБЩЕЙ ОБРАБОТКИ | |
| Данные общей обработки | 20181010d2016 |||y0rusy50 ca |
| 101 0# - ЯЗЫК РЕСУРСА | |
| Язык текста, звукозаписи и т.д. | русский |
| 102 ## - СТРАНА ПУБЛИКАЦИИ ИЛИ ПРОИЗВОДСТВА | |
| Страна публикации | Российская Федерация |
| 105 ## - ПОЛЕ КОДИРОВАННЫХ ДАННЫХ: ТЕКСТОВЫЕ МАТЕРИАЛЫ, МОНОГРАФИЧЕСКИЕ | |
| Кодированные данные о монографическом текстовом документе | a z 000zb |
| 200 1# - ЗАГЛАВИЕ И СВЕДЕНИЯ ОБ ОТВЕТСТВЕННОСТИ | |
| Основное заглавие | Арно Сергей Игоревич. Писатель, публицист, общественный деятель, путешественник, дайвер |
| Сведения, относящиеся к заглавию | [мнения коллег] |
| 210 ## - ПУБЛИКАЦИЯ, РАСПРОСТРАНЕНИЕ И ДР. | |
| Место издания, распространения и т.д. | [Санкт-Петербург |
| Имя издателя, распространителя и т. д. | б. и.] |
| Дата издания, распространения и т.д. | 2016 |
| 215 ## - ФИЗИЧЕСКАЯ ХАРАКТЕРИСТИКА | |
| Специфическое обозначение материала и объем | 23 с. |
| Другие сведения о физической характеристике | цв. ил., цв. портр. |
| Размеры | 15 |
| 600 #1 - ИМЯ ЛИЦА КАК ПРЕДМЕТ | |
| Начальный элемент ввода | Арно |
| Часть имени, кроме начального элемента ввода | С. И. |
| Даты | 1958 |
| Расширение инициалов личного имени | Сергей Игоревич |
| Формальный подзаголовок | Воспоминания, записки и т.п |
| Системный номер авторитетной/нормативной записи | 2386688 |
| Идентификатор авторитетной/нормативной записи | RU\NLR\AUTH\6601644268 |
| 686 1# - ИНДЕКСЫ ДРУГИХ КЛАССИФИКАЦИЙ | |
| Индекс | Ш5(2=Р)8-4Арно |
| 702 #1 - ИМЯ ЛИЦА - ВТОРИЧНАЯ ОТВЕТСТВЕННОСТЬ | |
| Код отношения | Прочие |
| Начальный элемент ввода | Арно |
| Часть имени, кроме начального элемента ввода | С. И. |
| Даты | 1958- |
| Расширение инициалов личного имени | Сергей Игоревич |
| Идентификатор авторитетной/нормативной записи | RU\NLR\AUTH\770134540 |
| Системный номер авторитетной/нормативной записи | 134506 |
| 942 ## - ДОПОЛНИТЕЛЬНЫЕ ЭЛЕМЕНТЫ ЗАПИСИ (АБИС) | |
| Тип экземпляра АБИС | Книга |
| 980 ## - КОЛЛЕКЦИЯ | |
| Название коллекции | Национальная библиография |
| Тип экземпляра | Дата поступления | Источник поступления | Стоимость | Библиотека постоянного хранения | Библиотека текущего хранения | Место хранения | Шифр хранения | Штрих-код | Статус экземпляра |
|---|---|---|---|---|---|---|---|---|---|
| Книга | 10.10.2018 | Дар | 50.00 | РНБ (Московский) | РНБ (Московский) | Русский книжный фонд: издания с 1957 года | 2018-1/455 | 1-2282676 |